| 000 | 00796cam a22002531 4500 | ||
|---|---|---|---|
| 001 | 1699237 | ||
| 003 | ARRUPE | ||
| 005 | 20161007112149.0 | ||
| 008 | 790405s1967 nyuaf b 000 0beng | ||
| 010 | _a 67015299 | ||
| 040 |
_aDLC _cDLC _dDLC |
||
| 050 | 0 | 0 |
_aND653.V5 _bK6 |
| 082 | 0 | 0 | _a759.9492 |
| 100 | 1 |
_aKoning, Hans. _926571 |
|
| 245 | 1 | 4 |
_aThe world of Vermeer, 1632-1675, _cby Hans Koningsberger and the editors of Time-Life Books. |
| 260 |
_aNew York, _bTime, inc. _c[1967] |
||
| 300 |
_a192 p. _billus., col. plates. _c31 cm. |
||
| 490 | 0 | _aTime-Life library of art | |
| 504 | _aBibliography: p. 187. | ||
| 600 | 1 | 0 |
_aVermeer, Johannes, _d1632-1675. _926572 |
| 710 | 2 |
_aTime-Life Books. _926560 |
|
| 906 |
_a7 _bcbc _corignew _du _eocip _f19 _gy-gencatlg |
||
| 942 |
_2lcc _cMONOGRAPH |
||
| 999 |
_c125455 _d125455 |
||